| 000 | 01387nam0a22002531 4500 | ||
|---|---|---|---|
| 001 | rc\1116694 | ||
| 005 | 20041126174337.8 | ||
| 035 | _a(NLR Aleph) 006360121 | ||
| 090 |
_a4893196 _c4893196 |
||
| 100 | _a20041126d1982 u |0rusy50 ca | ||
| 101 | 0 | _arus | |
| 102 | _aRU | ||
| 105 | _ay ||||||||| | ||
| 200 | 1 |
_aНекоторые проблемы повышения эффективности и интенсификации производства на современном этапе _eПрепринт к координац. совещ. по теме "Теорет. пробл. эффективности и интенсификации обществ. пр-ва" _f[Подгот.: д-ра экон. наук проф. Рыбин В.И., Смехов Б.М., к. э. н. Барсов А.А. и др.] |
|
| 210 |
_aМ. _cБ. и. _d1982 |
||
| 215 |
_a[1], 47 с. _d20 |
||
| 300 | _aВ надзаг.: АН СССР, Ин-т экономики | ||
| 702 | 1 |
_aРыбин _bВ. И. _gВалерий Иванович _4570 |
|
| 712 | 1 | 2 |
_aКоординационное совещ. по теме "Теоретические проблемы эффективности и интенсификации общественного производства" _f1982 _eМосква |
| 801 | 0 |
_aRU _bNLR _gpsbo |
|
| 801 | 1 |
_aRU _bELAR _2rusmarc |
|
| 852 |
_aNLR _j83-4/19119 |
||
| 942 | _cBOOK | ||
| 980 | _aNB | ||